Globálna finančná a hospodárska kríza z pohľadu teórie reálneho hospodárskeho cyklu

Analýza teórie reálneho hospodárskeho cyklu. Hlavné príčiny vzniku globálnej finanačnej a hospodárskej krízy.

Enregistré dans:
Détails bibliographiques
Auteur principal: Matoušková, Eleonóra, 1962-
Format: Chapitre de livre
Langue:slovaque
Sujets:
Tags: Ajouter un tag
Pas de tags, Soyez le premier à ajouter un tag!

MARC

LEADER 00000naa a2200000 4500
001 0142867
005 20240502072548.5
041 0 |a slo 
044 |a SK 
245 1 0 |a Globálna finančná a hospodárska kríza z pohľadu teórie reálneho hospodárskeho cyklu  |c Eleonóra Matoušková 
520 |a Analýza teórie reálneho hospodárskeho cyklu. Hlavné príčiny vzniku globálnej finanačnej a hospodárskej krízy. 
610 2 0 |a cykly hospodárske 
610 2 0 |a kríza hospodárska 
610 2 0 |a kríza finančná 
610 2 0 |a teórie ekonomické 
610 2 0 |a nástroje finančné 
610 2 0 |a politika hospodárska 
100 1 |a Matoušková, Eleonóra, 1962-